000 01082nam2a22002651 4500
001 v19\rc\1507903
005 20260206144353.0
035 _a(NLR Aleph) 004633432
090 _a3197851
_c3197851
100 _a20060620d1890 u y0rusy50 ca
101 0 _arus
102 _aRU
105 _ay z |||||
200 0 _aза 1888 год
210 _d1890
215 _aII, 143 с.
461 0 _1001v19\rc\1507895
_12001#$aОтчет Виленской городской управы о денежных и имущественных оборотах города Вильны...$vза 1888 год
_93197751
_aВиленская гор. управа
_cВильна
_d1884-1914
_tОтчет Виленской городской управы о денежных и имущественных оборотах города Вильны...
_vза 1888 год
801 0 _aRU
_bNLR
_gpsbo
801 0 _aRU
_bRuMoRGB
_2psbo
801 1 _aRU
_bProSoft-M
_2rusmarc
852 _aNLR
_j18.294.2.218(1)
899 _aRuMoRGB
_jA 246/110
_z(1882-1913*)
942 _cBOOK
980 _aNB